[Event "Wroclaw"]
[Site "?"]
[Date "2020.08.27"]
[Round "1.1"]
[White "Teclaf, Pawel"]
[Black "Pelka, Michal"]
[Result "1-0"]
[BlackElo "1658"]
[WhiteElo "2383"]
[LiveChessVersion "1.4.8"]

1. e4 {[%clk 0:03:03]} c6 {[%clk 0:03:03]} 2. d4 d5 {[%clk 0:03:04]} 3. f3
{[%clk 0:03:00]} e6 {[%clk 0:02:20]} 4. Nc3 {[%clk 0:03:00]} Nd7 {[%clk 0:02:17]}
5. Bd3 {[%clk 0:02:56]} Bb4 {[%clk 0:02:07]} 6. Nge2 {[%clk 0:02:57]} c5
{[%clk 0:01:59]} 7. dxc5 {[%clk 0:02:58]} Nxc5 {[%clk 0:01:58]} 8. Bb5+
{[%clk 0:02:59]} Bd7 {[%clk 0:01:56]} 9. Bxd7+ {[%clk 0:03:00]} Qxd7
{[%clk 0:01:57]} 10. Qd4 {[%clk 0:03:01]} Bxc3+ {[%clk 0:01:17]} 11. Nxc3
{[%clk 0:03:02]} Qe7 {[%clk 0:01:14]} 12. Qxg7 {[%clk 0:03:01]} Qf6
{[%clk 0:01:16]} 13. Qxf6 {[%clk 0:03:00]} Nxf6 {[%clk 0:01:17]} 14. Be3
{[%clk 0:03:01]} b6 {[%clk 0:01:07]} 15. Bd4 {[%clk 0:03:01]} Ncd7
{[%clk 0:00:54]} 16. exd5 {[%clk 0:03:02]} e5 {[%clk 0:00:56]} 17. Be3
{[%clk 0:03:02]} O-O-O {[%clk 0:00:55]} 18. O-O-O {[%clk 0:03:03]} Rhg8
{[%clk 0:00:55]} 19. g4 {[%clk 0:03:04]} h5 {[%clk 0:00:54]} 20. g5
{[%clk 0:03:05]} Nh7 {[%clk 0:00:55]} 21. h4 {[%clk 0:03:06]} f6 {[%clk 0:00:55]}
22. Ne4 {[%clk 0:03:06]} Kc7 {[%clk 0:00:47]} 23. f4 {[%clk 0:03:03]} f5
{[%clk 0:00:45]} 24. Ng3 {[%clk 0:03:04]} Rdf8 {[%clk 0:00:40]} 25. Nxh5
{[%clk 0:03:04]} Kd6 {[%clk 0:00:34]} 26. fxe5+ {[%clk 0:03:03]} Nxe5
{[%clk 0:00:31]} 27. Bf4 {[%clk 0:03:05]} Re8 {[%clk 0:00:24]} 28. Rhe1
{[%clk 0:03:06]} 1-0

[Event "Wroclaw"]
[Site "?"]
[Date "2020.08.27"]
[Round "1.2"]
[White "Twardowski, Hubert"]
[Black "Mis, Mieszko"]
[Result "0-1"]
[BlackElo "2370"]
[WhiteElo "1645"]
[LiveChessVersion "1.4.8"]

1. e4 {[%clk 0:03:03]} c5 {[%clk 0:03:03]} 2. Nf3 {[%clk 0:03:04]} e6
{[%clk 0:03:05]} 3. d4 {[%clk 0:03:04]} cxd4 {[%clk 0:03:05]} 4. Nxd4
{[%clk 0:03:05]} Nc6 {[%clk 0:03:07]} 5. Nc3 {[%clk 0:02:59]} Qc7
{[%clk 0:03:06]} 6. Be3 {[%clk 0:02:28]} a6 {[%clk 0:03:06]} 7. Be2
{[%clk 0:02:27]} Nf6 {[%clk 0:03:05]} 8. O-O {[%clk 0:02:26]} Be7
{[%clk 0:03:06]} 9. f4 {[%clk 0:02:16]} d6 {[%clk 0:03:06]} 10. Kh1
{[%clk 0:02:06]} O-O {[%clk 0:03:06]} 11. Qe1 {[%clk 0:02:02]} Nxd4
{[%clk 0:02:51]} 12. Bxd4 {[%clk 0:02:01]} b5 {[%clk 0:02:51]} 13. a3
{[%clk 0:01:58]} Bb7 {[%clk 0:02:52]} 14. Bf3 {[%clk 0:01:48]} e5
{[%clk 0:02:43]} 15. Be3 {[%clk 0:01:39]} Rac8 {[%clk 0:02:42]} 16. Rd1
{[%clk 0:01:35]} Rfd8 {[%clk 0:02:34]} 17. Qg3 {[%clk 0:01:36]} Bc6
{[%clk 0:01:53]} 18. Bg4 {[%clk 0:01:30]} Nxg4 {[%clk 0:01:38]} 19. Qxg4
{[%clk 0:01:28]} a5 {[%clk 0:01:38]} 20. Rf2 {[%clk 0:01:11]} b4 {[%clk 0:01:23]}
21. axb4 {[%clk 0:01:11]} axb4 {[%clk 0:01:24]} 22. Nd5 {[%clk 0:01:12]} Bxd5
{[%clk 0:01:17]} 23. Rxd5 {[%clk 0:01:05]} Bf6 {[%clk 0:01:14]} 24. Rfd2
{[%clk 0:00:50]} Ra8 {[%clk 0:01:01]} 25. h3 {[%clk 0:00:26]} Qc4
{[%clk 0:00:51]} 26. fxe5 {[%clk 0:00:13]} Bxe5 {[%clk 0:00:36]} 27. R5d3
{[%clk 0:00:09]} g6 {[%clk 0:00:24]} 28. b3 {[%clk 0:00:08]} Qc6 {[%clk 0:00:13]}
29. Bd4 {[%clk 0:00:09]} h5 {[%clk 0:00:09]} 30. Qf3 {[%clk 0:00:05]} Bxd4
{[%clk 0:00:09]} 31. Rxd4 {[%clk 0:00:06]} Ra1+ {[%clk 0:00:10]} 32. Rd1
{[%clk 0:00:05]} Rxd1+ {[%clk 0:00:05]} 33. Qxd1 {[%clk 0:00:07]} Re8
{[%clk 0:00:04]} 34. Rxd6 {[%clk 0:00:06]} Qxe4 {[%clk 0:00:05]} 35. Qd2
{[%clk 0:00:04]} Qf5 {[%clk 0:00:05]} 36. Rd5 Qf4 37. Qd1 0-1

[Event "Wroclaw"]
[Site "?"]
[Date "2020.08.27"]
[Round "1.3"]
[White "Kozak, Antoni"]
[Black "Lewandowski, Wiktor"]
[Result "1-0"]
[BlackElo "1643"]
[WhiteElo "2320"]
[LiveChessVersion "1.4.8"]

1. Nf3 {[%clk 0:03:00]} c5 {[%clk 0:03:04]} 2. c4 {[%clk 0:02:56]} Nc6
{[%clk 0:03:05]} 3. Nc3 {[%clk 0:02:55]} e5 {[%clk 0:03:05]} 4. g3
{[%clk 0:02:54]} g6 {[%clk 0:03:06]} 5. Bg2 {[%clk 0:02:55]} Bg7 {[%clk 0:03:07]}
6. O-O {[%clk 0:02:56]} Nge7 {[%clk 0:03:08]} 7. d3 {[%clk 0:02:44]} O-O
{[%clk 0:03:08]} 8. Rb1 {[%clk 0:02:45]} d6 {[%clk 0:03:09]} 9. a3
{[%clk 0:02:44]} a5 {[%clk 0:03:07]} 10. Nd2 {[%clk 0:02:40]} Be6
{[%clk 0:02:56]} 11. Nd5 {[%clk 0:02:40]} Rb8 {[%clk 0:02:41]} 12. b3
{[%clk 0:02:31]} f5 {[%clk 0:02:38]} 13. Bb2 {[%clk 0:02:30]} Bf7
{[%clk 0:02:18]} 14. e4 {[%clk 0:02:22]} Nd4 {[%clk 0:02:12]} 15. f4
{[%clk 0:02:21]} Nxd5 {[%clk 0:01:55]} 16. exd5 {[%clk 0:02:10]} b5
{[%clk 0:01:48]} 17. fxe5 {[%clk 0:02:05]} Bxe5 18. Nf3 {[%clk 0:02:00]} Nxf3+
{[%clk 0:01:35]} 19. Qxf3 {[%clk 0:01:58]} Bxb2 {[%clk 0:01:23]} 20. Rxb2
{[%clk 0:01:59]} Qf6 {[%clk 0:01:24]} 21. Re2 {[%clk 0:01:29]} Rfe8
{[%clk 0:01:23]} 22. Rxe8+ {[%clk 0:01:19]} Rxe8 {[%clk 0:01:07]} 23. cxb5
{[%clk 0:01:18]} Qc3 {[%clk 0:00:51]} 24. Qf4 {[%clk 0:01:06]} Qxd3
{[%clk 0:00:29]} 25. Qxd6 {[%clk 0:00:58]} Qxb5 {[%clk 0:00:27]} 26. Qc6
{[%clk 0:00:28]} Qxb3 {[%clk 0:00:23]} 27. d6 {[%clk 0:00:28]} Qb8
{[%clk 0:00:07]} 28. Bd5 {[%clk 0:00:20]} Rd8 {[%clk 0:00:04]} 29. Rd1
{[%clk 0:00:18]} Bxd5 {[%clk 0:00:03]} 30. Qxd5+ {[%clk 0:00:18]} Kg7
{[%clk 0:00:04]} 31. Qxc5 {[%clk 0:00:14]} Rd7 {[%clk 0:00:06]} 32. Qxa5
{[%clk 0:00:12]} Qd8 {[%clk 0:00:06]} 33. Qe5+ {[%clk 0:00:12]} Kg8
{[%clk 0:00:07]} 34. Qd5+ {[%clk 0:00:11]} Kh8 {[%clk 0:00:08]} 35. Qd4+
{[%clk 0:00:12]} Kg8 {[%clk 0:00:09]} 36. a4 {[%clk 0:00:14]} Qa5
{[%clk 0:00:05]} 37. Qc4+ {[%clk 0:00:10]} Kf8 {[%clk 0:00:06]} 38. Qc8+
{[%clk 0:00:11]} Rd8 {[%clk 0:00:07]} 39. Qc6 {[%clk 0:00:09]} Kf7
{[%clk 0:00:06]} 40. d7 {[%clk 0:00:11]} Qa7+ {[%clk 0:00:06]} 41. Kg2
{[%clk 0:00:12]} Qe3 {[%clk 0:00:06]} 42. Qd5+ {[%clk 0:00:12]} Kg7
{[%clk 0:00:08]} 43. Qd4+ {[%clk 0:00:12]} Qxd4 44. Rxd4 {[%clk 0:00:14]} Kf7
{[%clk 0:00:10]} 45. a5 {[%clk 0:00:15]} Ke7 {[%clk 0:00:11]} 46. a6
{[%clk 0:00:16]} 1-0

[Event "Wroclaw"]
[Site "?"]
[Date "2020.08.27"]
[Round "1.4"]
[White "Michalowski, Patryk"]
[Black "Psyk, Radoslaw"]
[Result "1-0"]
[BlackElo "2288"]
[WhiteElo "1641"]
[LiveChessVersion "1.4.8"]

1. e4 Nf6 2. e5 Nd5 3. Nc3 Nxc3 4. bxc3 d6 5. f4 g6 6. d4 Bg7 7. Nf3 O-O 8. Be2
dxe5 9. fxe5 c5 10. O-O Nc6 11. Be3 Qa5 12. Qe1 Bg4 13. Rb1 Rab8 14. Rb5 Qxa2 15.
Rxc5 Qxc2 16. h3 Bxf3 17. Bxf3 Rbc8 18. Bd5 e6 19. Bf3 Rc7 20. Bg5 Rfc8 21. Bf6
b6 22. Rxc6 Rxc6 23. Bxc6 Rxc6 24. Qh4 Bf8 25. Be7 Rc8 26. Qf6 Bxe7 27. Qxf7+ Kh8
28. Qxe7 Qxc3 29. Rf8+ 1-0

[Event "Wroclaw"]
[Site "?"]
[Date "2020.08.27"]
[Round "1.5"]
[White "Szpar, Milosz"]
[Black "Pietrzak, Tomasz"]
[Result "1-0"]
[BlackElo "1615"]
[WhiteElo "2275"]
[LiveChessVersion "1.4.8"]

1. c4 {[%clk 0:03:02]} e6 {[%clk 0:03:03]} 2. Nf3 {[%clk 0:03:03]} Nf6
{[%clk 0:03:01]} 3. g3 {[%clk 0:03:04]} d5 {[%clk 0:03:02]} 4. Bg2
{[%clk 0:03:05]} Be7 {[%clk 0:03:02]} 5. O-O {[%clk 0:03:05]} O-O
{[%clk 0:03:00]} 6. b3 {[%clk 0:03:07]} c5 {[%clk 0:02:55]} 7. cxd5
{[%clk 0:03:07]} exd5 {[%clk 0:02:54]} 8. d4 {[%clk 0:03:08]} Nc6
{[%clk 0:02:49]} 9. Bb2 {[%clk 0:03:09]} Be6 {[%clk 0:02:25]} 10. Nc3
{[%clk 0:03:05]} a6 {[%clk 0:02:19]} 11. Rc1 {[%clk 0:02:56]} cxd4
{[%clk 0:01:38]} 12. Nxd4 {[%clk 0:02:57]} Rc8 {[%clk 0:01:34]} 13. Na4
{[%clk 0:02:51]} Nxd4 {[%clk 0:01:05]} 14. Qxd4 {[%clk 0:02:51]} b5
{[%clk 0:00:57]} 15. Nc5 {[%clk 0:02:43]} Bxc5 {[%clk 0:00:38]} 16. Rxc5
{[%clk 0:02:44]} Rxc5 {[%clk 0:00:24]} 17. Qxc5 {[%clk 0:02:45]} Qc8
{[%clk 0:00:12]} 18. Qd6 {[%clk 0:02:02]} Rd8 {[%clk 0:00:08]} 19. Qf4
{[%clk 0:02:02]} Qb8 {[%clk 0:00:03]} 20. Be5 {[%clk 0:02:01]} Qc8
{[%clk 0:00:03]} 21. Rc1 {[%clk 0:02:01]} Qb7 {[%clk 0:00:04]} 22. Bxf6
{[%clk 0:01:58]} gxf6 {[%clk 0:00:04]} 23. Qxf6 {[%clk 0:01:59]} Rc8
{[%clk 0:00:05]} 24. Rd1 {[%clk 0:02:00]} Rc2 {[%clk 0:00:04]} 25. e3
{[%clk 0:01:43]} Rxa2 {[%clk 0:00:04]} 26. h3 {[%clk 0:01:40]} Rc2
{[%clk 0:00:05]} 27. Qd8+ {[%clk 0:01:36]} Kg7 {[%clk 0:00:05]} 28. Bxd5
{[%clk 0:01:29]} Bxd5 {[%clk 0:00:06]} 29. Rxd5 {[%clk 0:01:31]} Qc8
{[%clk 0:00:04]} 30. Rg5+ {[%clk 0:01:30]} Kh6 {[%clk 0:00:04]} 31. Qf6#
{[%clk 0:01:31]} 1-0

[Event "Wroclaw"]
[Site "?"]
[Date "2020.08.27"]
[Round "1.6"]
[White "Swiatek, Mateusz"]
[Black "Godzwon, Iwo"]
[Result "0-1"]
[BlackElo "2193"]
[WhiteElo "1592"]
[LiveChessVersion "1.4.8"]

1. e4 {[%clk 0:03:03]} c5 {[%clk 0:03:04]} 2. Nf3 {[%clk 0:03:04]} e6
{[%clk 0:03:05]} 3. d4 {[%clk 0:03:04]} cxd4 {[%clk 0:03:06]} 4. Nxd4
{[%clk 0:03:05]} Nc6 {[%clk 0:03:08]} 5. Nc3 {[%clk 0:03:05]} a6 {[%clk 0:03:09]}
6. Be2 {[%clk 0:03:02]} d6 {[%clk 0:03:10]} 7. O-O {[%clk 0:03:01]} Nf6
{[%clk 0:03:10]} 8. Nb3 {[%clk 0:02:59]} Be7 {[%clk 0:03:07]} 9. Be3
{[%clk 0:02:59]} b5 {[%clk 0:03:00]} 10. a3 {[%clk 0:02:57]} Bb7 {[%clk 0:03:00]}
11. f4 {[%clk 0:02:46]} O-O {[%clk 0:02:56]} 12. Bf3 {[%clk 0:02:47]} Nd7
{[%clk 0:02:52]} 13. Kh1 {[%clk 0:02:34]} Qc7 {[%clk 0:02:53]} 14. Qe2
{[%clk 0:02:20]} Nb6 {[%clk 0:02:54]} 15. Rad1 {[%clk 0:02:08]} Nc4
{[%clk 0:02:55]} 16. Bc1 {[%clk 0:02:08]} Bf6 {[%clk 0:02:53]} 17. g4
{[%clk 0:01:53]} N6a5 {[%clk 0:02:28]} 18. g5 {[%clk 0:01:44]} Be7
{[%clk 0:02:23]} 19. f5 {[%clk 0:01:40]} Rfe8 {[%clk 0:02:03]} 20. f6
{[%clk 0:01:38]} Bf8 {[%clk 0:02:04]} 21. Nd4 {[%clk 0:01:24]} Nc6
{[%clk 0:02:05]} 22. Bg2 {[%clk 0:01:12]} N6e5 {[%clk 0:01:46]} 23. Qf2
{[%clk 0:00:57]} g6 {[%clk 0:01:38]} 24. Nf3 {[%clk 0:00:44]} Nxa3
{[%clk 0:01:25]} 25. Nxe5 {[%clk 0:00:42]} dxe5 {[%clk 0:01:27]} 26. Be3
{[%clk 0:00:37]} Nc4 {[%clk 0:01:27]} 27. Bc1 {[%clk 0:00:25]} Rad8
{[%clk 0:01:28]} 28. Ne2 {[%clk 0:00:20]} Rd5 29. Rd2 Rxd2 {[%clk 0:01:23]} 30.
Rd1 {[%clk 0:00:21]} Rxd1+ {[%clk 0:01:24]} 31. Nc3 {[%clk 0:00:14]} Bc5+
{[%clk 0:01:26]} 0-1

[Event "Wroclaw"]
[Site "?"]
[Date "2020.08.27"]
[Round "1.7"]
[White "Kokoszczynski, Jan"]
[Black "Bojczewski, Mateusz"]
[Result "1-0"]
[BlackElo "1577"]
[WhiteElo "2163"]
[LiveChessVersion "1.4.8"]

1. d4 {[%clk 0:03:03]} Nf6 {[%clk 0:03:03]} 2. c4 {[%clk 0:03:04]} e6
{[%clk 0:03:04]} 3. Nf3 {[%clk 0:03:04]} d5 {[%clk 0:03:04]} 4. g3
{[%clk 0:03:03]} dxc4 {[%clk 0:03:04]} 5. Bg2 {[%clk 0:03:04]} c5
{[%clk 0:03:06]} 6. Nbd2 {[%clk 0:02:26]} Nc6 {[%clk 0:02:57]} 7. dxc5
{[%clk 0:02:23]} Bxc5 {[%clk 0:02:56]} 8. O-O {[%clk 0:02:23]} O-O
{[%clk 0:02:57]} 9. Nxc4 {[%clk 0:02:18]} b5 {[%clk 0:02:54]} 10. Nfe5
{[%clk 0:01:59]} Nxe5 {[%clk 0:01:49]} 11. Nxe5 {[%clk 0:01:47]} Qxd1
{[%clk 0:01:49]} 12. Rxd1 {[%clk 0:01:48]} Rb8 {[%clk 0:01:50]} 13. Bf4
{[%clk 0:01:35]} Rb6 {[%clk 0:01:22]} 14. Rac1 {[%clk 0:01:36]} Bd6
{[%clk 0:01:00]} 15. Nc6 {[%clk 0:00:51]} Bxf4 {[%clk 0:00:49]} 16. gxf4
{[%clk 0:00:52]} Bb7 {[%clk 0:00:23]} 17. Ne7+ {[%clk 0:00:53]} Kh8
{[%clk 0:00:24]} 18. Rc7 {[%clk 0:00:54]} Bxg2 19. Kxg2 {[%clk 0:00:56]} a5
{[%clk 0:00:16]} 20. Kf3 {[%clk 0:00:48]} Rbb8 {[%clk 0:00:07]} 21. e4
{[%clk 0:00:46]} Rfd8 {[%clk 0:00:07]} 22. Rxd8+ {[%clk 0:00:38]} Rxd8
{[%clk 0:00:09]} 23. e5 {[%clk 0:00:38]} Ne8 {[%clk 0:00:06]} 24. Rb7
{[%clk 0:00:38]} b4 {[%clk 0:00:05]} 25. Nc6 {[%clk 0:00:38]} Rc8
{[%clk 0:00:05]} 26. Nxa5 {[%clk 0:00:35]} g6 {[%clk 0:00:04]} 27. Rxb4
{[%clk 0:00:35]} Ra8 {[%clk 0:00:05]} 28. Nc6 {[%clk 0:00:19]} Rxa2
{[%clk 0:00:04]} 29. Rb8 {[%clk 0:00:21]} 1-0

[Event "Wroclaw"]
[Site "?"]
[Date "2020.08.27"]
[Round "1.8"]
[White "Krawczyk, Wojciech"]
[Black "Fus, Jakub"]
[Result "0-1"]
[BlackElo "2113"]
[WhiteElo "1558"]
[LiveChessVersion "1.4.8"]

1. d4 {[%clk 0:03:03]} Nf6 {[%clk 0:03:03]} 2. Bf4 {[%clk 0:03:05]} d5
{[%clk 0:03:03]} 3. e3 {[%clk 0:03:05]} e6 {[%clk 0:03:04]} 4. Nf3
{[%clk 0:03:06]} Bd6 {[%clk 0:03:05]} 5. Bg3 {[%clk 0:03:04]} c5 {[%clk 0:03:06]}
6. c3 {[%clk 0:03:05]} Qc7 {[%clk 0:03:07]} 7. Nbd2 {[%clk 0:03:05]} Nbd7
{[%clk 0:03:08]} 8. Bd3 {[%clk 0:03:02]} O-O {[%clk 0:03:07]} 9. O-O
{[%clk 0:03:02]} b6 {[%clk 0:03:08]} 10. Rc1 {[%clk 0:03:02]} Bxg3
{[%clk 0:03:04]} 11. hxg3 {[%clk 0:03:02]} e5 {[%clk 0:03:04]} 12. Nxe5
{[%clk 0:02:57]} Nxe5 {[%clk 0:03:05]} 13. dxe5 {[%clk 0:02:57]} Qxe5
{[%clk 0:03:06]} 14. Nf3 {[%clk 0:02:58]} Qe7 {[%clk 0:03:05]} 15. c4
{[%clk 0:02:46]} Bb7 {[%clk 0:03:04]} 16. Qe2 {[%clk 0:02:43]} Rfe8
{[%clk 0:02:58]} 17. cxd5 {[%clk 0:02:39]} Nxd5 {[%clk 0:02:54]} 18. Rfd1
{[%clk 0:02:35]} Nb4 {[%clk 0:02:39]} 19. Bb5 {[%clk 0:02:14]} Red8
{[%clk 0:02:26]} 20. a3 {[%clk 0:02:15]} Nd5 {[%clk 0:02:19]} 21. Bc4
{[%clk 0:02:05]} a6 {[%clk 0:02:10]} 22. Qc2 {[%clk 0:01:52]} Rac8
{[%clk 0:02:01]} 23. Qb3 {[%clk 0:01:48]} b5 {[%clk 0:01:17]} 24. Bxd5
{[%clk 0:01:47]} c4 {[%clk 0:01:19]} 25. Bxf7+ {[%clk 0:01:46]} Qxf7
{[%clk 0:01:00]} 26. Qc3 {[%clk 0:01:24]} Bxf3 {[%clk 0:01:00]} 27. gxf3
{[%clk 0:01:24]} Qxf3 {[%clk 0:00:59]} 28. Rd4 {[%clk 0:01:25]} Rf8
{[%clk 0:00:56]} 29. Rc2 {[%clk 0:01:14]} Rc6 {[%clk 0:00:56]} 30. Rf4
{[%clk 0:00:16]} Rxf4 {[%clk 0:00:48]} 31. exf4 {[%clk 0:00:16]} Qd1+
{[%clk 0:00:46]} 32. Kg2 {[%clk 0:00:17]} Rh6 {[%clk 0:00:45]} 33. Rc1
{[%clk 0:00:18]} Qd5+ {[%clk 0:00:44]} 34. Qf3 {[%clk 0:00:19]} Rh2+
{[%clk 0:00:45]} 35. Kxh2 {[%clk 0:00:19]} Qxf3 {[%clk 0:00:45]} 0-1

[Event "Wroclaw"]
[Site "?"]
[Date "2020.08.27"]
[Round "1.9"]
[White "Pacan-Milej, Kosma"]
[Black "Wolak, Kamil"]
[Result "1-0"]
[BlackElo "1551"]
[WhiteElo "2113"]
[LiveChessVersion "1.4.8"]

1. d4 {[%clk 0:03:03]} d5 {[%clk 0:03:01]} 2. c4 {[%clk 0:03:04]} e6
{[%clk 0:03:01]} 3. Nc3 {[%clk 0:03:05]} c6 {[%clk 0:03:01]} 4. e4
{[%clk 0:03:04]} dxe4 {[%clk 0:02:52]} 5. Nxe4 {[%clk 0:03:05]} Be7
{[%clk 0:02:41]} 6. Nf3 {[%clk 0:03:01]} Nf6 {[%clk 0:02:41]} 7. Nxf6+
{[%clk 0:02:50]} Bxf6 {[%clk 0:02:40]} 8. Be2 {[%clk 0:02:50]} O-O
{[%clk 0:02:32]} 9. O-O {[%clk 0:02:50]} Nd7 {[%clk 0:02:21]} 10. Bf4
{[%clk 0:02:50]} Qe7 {[%clk 0:02:02]} 11. Re1 {[%clk 0:02:40]} Re8
{[%clk 0:01:55]} 12. Bd3 {[%clk 0:02:31]} b6 {[%clk 0:01:47]} 13. Ne5
{[%clk 0:02:23]} Bb7 {[%clk 0:01:45]} 14. Qf3 {[%clk 0:02:16]} Nxe5
{[%clk 0:01:16]} 15. dxe5 {[%clk 0:01:56]} Bg5 {[%clk 0:01:16]} 16. Bxg5
{[%clk 0:01:36]} Qxg5 {[%clk 0:01:15]} 17. Be4 {[%clk 0:01:37]} Rac8
{[%clk 0:00:53]} 18. Rad1 {[%clk 0:01:37]} Kf8 {[%clk 0:00:35]} 19. Qa3+
{[%clk 0:01:21]} Qe7 {[%clk 0:00:20]} 20. Qxa7 {[%clk 0:01:13]} Ra8
{[%clk 0:00:21]} 21. Qxb6 {[%clk 0:01:14]} Rxa2 {[%clk 0:00:16]} 22. h3
{[%clk 0:01:00]} Ra6 {[%clk 0:00:12]} 23. Qe3 {[%clk 0:00:51]} Rea8
{[%clk 0:00:13]} 24. Rd6 {[%clk 0:00:40]} f6 {[%clk 0:00:12]} 25. Red1
{[%clk 0:00:22]} fxe5 {[%clk 0:00:05]} 26. Rd7 {[%clk 0:00:18]} 1-0

[Event "Wroclaw"]
[Site "?"]
[Date "2020.08.27"]
[Round "1.10"]
[White "Cichon, Jakub"]
[Black "Lis, Mateusz"]
[Result "0-1"]
[BlackElo "2113"]
[WhiteElo "1531"]
[LiveChessVersion "1.4.8"]

1. e4 {[%clk 0:03:03]} c5 {[%clk 0:03:04]} 2. Nf3 {[%clk 0:03:04]} Nc6
{[%clk 0:03:04]} 3. d4 {[%clk 0:03:05]} cxd4 {[%clk 0:03:06]} 4. Nxd4
{[%clk 0:03:06]} Nf6 {[%clk 0:03:07]} 5. Nc3 {[%clk 0:03:07]} d6 {[%clk 0:03:09]}
6. Bg5 {[%clk 0:03:08]} e6 {[%clk 0:03:10]} 7. Qd3 {[%clk 0:03:04]} a6
{[%clk 0:02:56]} 8. f4 {[%clk 0:02:54]} Bd7 {[%clk 0:02:21]} 9. O-O-O
{[%clk 0:02:45]} b5 {[%clk 0:01:44]} 10. Nxc6 {[%clk 0:02:30]} Bxc6
{[%clk 0:01:45]} 11. e5 {[%clk 0:02:29]} dxe5 {[%clk 0:01:46]} 12. Qxd8+
{[%clk 0:02:14]} Rxd8 {[%clk 0:01:47]} 13. Rxd8+ {[%clk 0:02:15]} Kxd8
{[%clk 0:01:48]} 14. fxe5 {[%clk 0:02:16]} h6 {[%clk 0:01:50]} 15. Bxf6+
{[%clk 0:02:02]} gxf6 {[%clk 0:01:44]} 16. exf6 {[%clk 0:02:04]} Rg8
{[%clk 0:01:42]} 17. Be2 {[%clk 0:01:09]} Rxg2 {[%clk 0:01:38]} 18. Rd1+
{[%clk 0:01:06]} Kc7 {[%clk 0:01:40]} 19. Bh5 {[%clk 0:01:06]} b4
{[%clk 0:01:08]} 20. Ne2 {[%clk 0:00:26]} Rxh2 {[%clk 0:01:00]} 21. Ng3
{[%clk 0:00:15]} Bd6 {[%clk 0:00:58]} 22. Bxf7 {[%clk 0:00:07]} Bxg3
{[%clk 0:00:58]} 23. Bxe6 {[%clk 0:00:08]} Be4 {[%clk 0:00:36]} 24. Bb3
{[%clk 0:00:05]} Rf2 {[%clk 0:00:35]} 25. f7 {[%clk 0:00:06]} Bg6
{[%clk 0:00:31]} 26. Rg1 {[%clk 0:00:06]} Bf4+ {[%clk 0:00:21]} 27. Kd1
{[%clk 0:00:06]} Bg5 {[%clk 0:00:19]} 28. Rg4 {[%clk 0:00:03]} Bxf7
{[%clk 0:00:17]} 29. Rxb4 {[%clk 0:00:04]} Bxb3 {[%clk 0:00:09]} 30. Rxb3 Rf6
{[%clk 0:00:08]} 31. Rh3 {[%clk 0:00:05]} Rd6+ {[%clk 0:00:08]} 32. Ke2
{[%clk 0:00:05]} Rd2+ {[%clk 0:00:09]} 33. Kf3 {[%clk 0:00:08]} Rxc2
{[%clk 0:00:13]} 0-1

[Event "Wroclaw"]
[Site "?"]
[Date "2020.08.27"]
[Round "1.11"]
[White "Golenia, Wojciech"]
[Black "Distel, Pawel"]
[Result "1-0"]
[BlackElo "1523"]
[WhiteElo "1981"]
[LiveChessVersion "1.4.8"]

1. d4 {[%clk 0:03:02]} Nf6 {[%clk 0:03:02]} 2. Bf4 {[%clk 0:03:04]} d6
{[%clk 0:03:03]} 3. Nc3 {[%clk 0:03:04]} g6 {[%clk 0:03:04]} 4. Qd2
{[%clk 0:03:04]} a6 {[%clk 0:03:03]} 5. a4 {[%clk 0:03:01]} Nbd7 {[%clk 0:02:58]}
6. e4 {[%clk 0:02:52]} c6 {[%clk 0:02:50]} 7. e5 {[%clk 0:02:45]} Nd5
{[%clk 0:02:45]} 8. Nxd5 {[%clk 0:02:40]} cxd5 {[%clk 0:02:46]} 9. exd6
{[%clk 0:02:35]} exd6 {[%clk 0:02:45]} 10. Qe3+ {[%clk 0:02:26]} Qe7
{[%clk 0:02:38]} 11. O-O-O {[%clk 0:02:18]} Qxe3+ {[%clk 0:02:37]} 12. Bxe3
{[%clk 0:02:19]} Nf6 {[%clk 0:02:20]} 13. Ne2 {[%clk 0:02:18]} Be6
{[%clk 0:02:13]} 14. Nc3 {[%clk 0:02:08]} Kd7 {[%clk 0:02:11]} 15. g3
{[%clk 0:02:05]} Ne4 {[%clk 0:02:04]} 16. Nxe4 {[%clk 0:01:58]} dxe4
{[%clk 0:02:05]} 17. d5 {[%clk 0:02:00]} Bg4 {[%clk 0:02:05]} 18. Rd4
{[%clk 0:01:59]} Bf3 {[%clk 0:02:05]} 19. Rg1 {[%clk 0:01:47]} f5
{[%clk 0:02:04]} 20. Bg2 {[%clk 0:01:42]} Bxg2 {[%clk 0:02:02]} 21. Rxg2
{[%clk 0:01:43]} Bg7 {[%clk 0:02:01]} 22. Rb4 {[%clk 0:01:44]} Kc7
{[%clk 0:01:40]} 23. Bb6+ {[%clk 0:01:36]} Kd7 {[%clk 0:01:40]} 24. Be3
{[%clk 0:01:36]} Kc7 {[%clk 0:01:37]} 25. g4 {[%clk 0:01:16]} Be5
{[%clk 0:01:26]} 26. gxf5 {[%clk 0:01:12]} gxf5 {[%clk 0:01:26]} 27. Rg5
{[%clk 0:01:13]} Raf8 {[%clk 0:01:23]} 28. Bb6+ {[%clk 0:01:13]} Kb8
{[%clk 0:01:17]} 29. Kd1 {[%clk 0:01:05]} Bxh2 {[%clk 0:01:12]} 30. Rc4
{[%clk 0:01:04]} Rhg8 {[%clk 0:01:09]} 31. Rh5 {[%clk 0:01:04]} Rg1+
{[%clk 0:01:06]} 32. Ke2 {[%clk 0:01:04]} Be5 {[%clk 0:00:58]} 33. Rxh7
{[%clk 0:01:03]} Rc8 {[%clk 0:00:50]} 34. Rxc8+ {[%clk 0:01:00]} Kxc8
{[%clk 0:00:50]} 35. Rc7+ {[%clk 0:01:01]} Kb8 {[%clk 0:00:51]} 36. Rf7
{[%clk 0:01:01]} f4 {[%clk 0:00:46]} 37. Rf8# {[%clk 0:01:02]} 1-0

[Event "Wroclaw"]
[Site "?"]
[Date "2020.08.27"]
[Round "2.1"]
[White "Kozlowski, Pawel"]
[Black "Teclaf, Pawel"]
[Result "0-1"]
[BlackElo "2383"]
[WhiteElo "1900"]
[LiveChessVersion "1.4.8"]

1. f4 Nh6 {[%clk 0:03:03]} 2. Nf3 {[%clk 0:03:02]} g6 {[%clk 0:03:02]} 3. e3
{[%clk 0:03:03]} Bg7 {[%clk 0:03:03]} 4. d4 {[%clk 0:03:05]} O-O 5. Bd3
{[%clk 0:03:05]} c5 {[%clk 0:03:02]} 6. O-O {[%clk 0:03:04]} cxd4
{[%clk 0:03:03]} 7. exd4 {[%clk 0:03:05]} b6 {[%clk 0:03:04]} 8. c3
{[%clk 0:03:06]} e6 9. b3 {[%clk 0:02:59]} Ba6 {[%clk 0:03:04]} 10. Ba3
{[%clk 0:02:57]} Bxd3 {[%clk 0:03:03]} 11. Qxd3 {[%clk 0:02:58]} Re8
{[%clk 0:03:02]} 12. Nbd2 {[%clk 0:02:58]} d5 {[%clk 0:03:03]} 13. Ne5
{[%clk 0:02:56]} Qc8 {[%clk 0:02:49]} 14. Rac1 {[%clk 0:02:47]} Nc6
{[%clk 0:02:40]} 15. Ndf3 {[%clk 0:02:46]} Nf5 {[%clk 0:02:33]} 16. g4
{[%clk 0:02:16]} Nfe7 {[%clk 0:02:32]} 17. h4 {[%clk 0:02:14]} a5 18. h5
{[%clk 0:02:10]} a4 {[%clk 0:02:24]} 19. b4 {[%clk 0:01:55]} Nxe5
{[%clk 0:02:07]} 20. fxe5 {[%clk 0:01:53]} Qc4 {[%clk 0:02:07]} 21. Qd2
{[%clk 0:01:34]} gxh5 {[%clk 0:02:03]} 22. gxh5 {[%clk 0:01:35]} Nf5
{[%clk 0:02:04]} 23. Kh2 {[%clk 0:01:32]} Bh6 {[%clk 0:02:03]} 24. Ng5 Kf8
{[%clk 0:01:33]} 25. Rxf5 {[%clk 0:00:57]} exf5 {[%clk 0:01:33]} 26. Nxh7+
{[%clk 0:00:58]} Kg7 {[%clk 0:01:33]} 27. Ng5 {[%clk 0:00:58]} Rxe5
{[%clk 0:01:07]} 28. dxe5 {[%clk 0:00:12]} Qh4+ {[%clk 0:01:08]} 29. Kg1
{[%clk 0:00:09]} Bxg5 {[%clk 0:01:05]} 30. Qg2 {[%clk 0:00:09]} 0-1